No son profecías ni somos mayas: cuentos para adultos

I tiakina i:
Ngā taipitopito rārangi puna kōrero
Ngā kaituhi matua: Astorga Barahona, María Isabel (Author), Bachmann Reidel, Ilse (Author), Barros Rothkegel, María Teresa (Author), Bustos Contreras, Jaime Humberto (Author), Celis Molina, Mario (Author), Jordan Eckstein, Peter (Author), Letelier Leng, Carlos (Author), Medina Aedo, Alvaro (Author), Rojas Camus, Elba (Author)
Ētahi atu kaituhi: Clavel Fuller, María de la Luz (autora), López Urrutia, Valentina (autora), Neira Lermanda, Sylvia Gabriela (autora)
Hōputu: Pukapuka
Reo:Pāniora
I whakaputaina: Valparaíso Universitarias 2012
Ngā marau:
Ngā Tūtohu: Tāpirihia he Tūtohu
Kāore He Tūtohu, Me noho koe te mea tuatahi ki te tūtohu i tēnei pūkete!

MARC

LEADER 00000cam a2200000 a 4500
001 UCF2513
003 CL-VaPUC
008 120824e20120000CL |||||||||||||||||spa|d
020 |a 9789561705111 
082 0 4 |a 863  |b AST  |2 21 
100 0 |a Astorga Barahona, María Isabel  |e author  |9 564179 
700 0 |a Bachmann Reidel, Ilse  |e author  |9 564180 
700 0 |a Barros Rothkegel, María Teresa  |e author  |9 564181 
700 0 |a Bustos Contreras, Jaime Humberto  |e author  |9 564182 
700 0 |a Celis Molina, Mario  |e author  |9 564183 
700 |a Clavel Fuller, María de la Luz  |e autora  |9 564184 
700 0 |a Jordan Eckstein, Peter  |e author  |9 564185 
700 0 |a Letelier Leng, Carlos  |e author  |9 564186 
700 |a López Urrutia, Valentina  |e autora  |9 564199 
700 0 |a Medina Aedo, Alvaro  |e author  |9 564188 
700 |a Neira Lermanda, Sylvia Gabriela  |e autora  |9 584273 
700 0 |a Rojas Camus, Elba  |e author  |9 564190 
245 1 0 |a No son profecías ni somos mayas: cuentos para adultos 
300 |a 273 p 
942 |c BK 
945 |d 20120824 00:00:00  |a dcastane 
260 |a Valparaíso  |b Universitarias  |c 2012 
650 0 |a Cuentos chilenos   |9 308280 
650 0 |a Narrativa hispanoamericana  |9 552155 
650 0 |a Literatura chilena   |9 308278 
583 |a last modification  |c 20120824 12:41:00  |k Rodrigo Vera 
999 |c 349069  |d 349067 
952 |0 0  |1 0  |4 0  |6 863_000000000000000_AST_2012  |7 0  |8 A  |9 451450  |a BIBING  |b BIBING  |d 2019-11-22  |i 4895770  |o 863 AST 2012  |p 4895770  |r 2025-01-20  |w 2019-11-22  |y BK  |k CUI